00703nam a2200205 a 4500008004100000020002200041245012500063260005400188300003500242504004100277500001900318650001500337650005200352653002300404700002300427700002000450003000100470005001700471040000900488  a156024237X (pbk.)00aProduct-country images :bimpact and role in international marketing /cNicolas Papadopoulos, Louise A. Heslop, editors. aNew York :bInternational Business Press,cc1993. axxvi, 477 p. :bill. ;c22 cm. aIncludes bibliographical references. aIncludes index 0aMarketing. 0aConsumers' preferencesxCross-cultural studies.0 aCountry of origin.1 aPapadopoulos, N.G.1 aHeslop, Louise.20230123122247.0 cNUST